| 000 | 00428nam a22001817a 4500 | ||
|---|---|---|---|
| 003 | NUST | ||
| 020 | _a9789350840238 | ||
| 022 | _a | ||
| 038 | _akhadija | ||
| 082 |
_a658.4013 _bPRA |
||
| 100 |
_aPrakash, Suresh _985080 |
||
| 245 |
_aTheory and Practice of Quality Management / _cSuresh Prakash |
||
| 260 |
_aNew Delhi _bCentrum _c2013. |
||
| 300 | _a296 p. ; | ||
| 500 | _aHardcover. | ||
| 563 | _aHB | ||
| 942 |
_cBK _2ddc |
||
| 999 |
_c33174 _d33174 |
||